000
00226nam a22000857a 4500
008
160805b xxu||||| |||| 00| 0 eng d
100
_9
49
_a
Jain G
245
_a
Indian Famous Personalities
260
_a
New Delhi
_b
TEP Publication
_c
2009
999
_c
2701
_d
2701